=LDR 00000nam 2200000 4500 =001 INLIS000000000028815 =005 20130612131107 =008 ***********************************Ind** =035 ##$$0010-061300000028815 =041 ##$$a Ind =082 ##$$a 2x3.71 =090 ##$$a 2x3.71, Mah i =100 ##$$a Mahmoud, Musthafa =245 ##$$a Iblis, Dr. Musthafa Mahmoud =260 ##$$a 1990 $b Jakarta =300 ##$$a 156 hlm, 21 cm =850 ##$$a NBPNMAT